[Event "Druzynowe Mistrzostw Polski Juniorow - II Liga"]
[Site "Wroclaw"]
[Date "1899-12-30"]
[Round "10.10"]
[White "Lonski, Aleksander"]
[Black "Karaszewski, Gabriel"]
[Result "0-1"]
[WhiteTitle "II"]
[BlackTitle "II"]
[WhiteElo "1517"]
[BlackElo "1560"]

1. e4 c5 2. c4 Nc6 3. Ne2 e5 4. Nbc3 g6 5. g3 Bg7 6. Bg2 Nge7 7. O-O O-O 8. d3
d6 9. Nd5 Nxd5 10. cxd5 Nd4 11. Nxd4 exd4 12. a4 b6 13. f4 f5 14. Re1 Re8 15.
Qc2 Bb7 16. Bd2 Qd7 17. Rab1 Rac8 18. Re2 Bxd5 19. Rbe1 Bc6 20. b3 fxe4 21. Bxe4
Bxe4 22. Rxe4 d5 23. R4e2 Rxe2 24. Rxe2 c4 25. bxc4 dxc4 26. Qa2 Qf7 27. Qc2 c3
28. Be1 Re8 29. Rxe8+ Qxe8 30. Bf2 Qe6 31. h4 h5 32. Kf1 a6 33. Qb1 Qc6 34. Qc2
b5 35. axb5 axb5 36. Ke2 Qe6+ 37. Kd1 b4 38. Qa4 b3 39. Bxd4 b2 40. Kc2 Qe2+ 0-1

[Event "Druzynowe Mistrzostw Polski Juniorow - II Liga"]
[Site "Wroclaw"]
[Date "1899-12-30"]
[Round "10.11"]
[White "Szachniewicz, Weronika"]
[Black "Grzesik, Nikola"]
[Result "1/2-1/2"]
[WhiteTitle "I"]
[BlackTitle "I"]
[WhiteElo "1305"]
[BlackElo "1452"]

1. e4 c5 2. Nf3 e6 3. d4 cxd4 4. Nxd4 a6 5. Nc3 Qc7 6. g3 Nf6 7. Bg2 Nc6 8. O-O
Be7 9. Re1 Nxd4 10. Qxd4 Bc5 11. Qd1 d6 12. h3 O-O 13. Qd3 Nd7 14. Be3 Ne5 15.
Qe2 Bb4 16. Bd2 Bc5 17. Na4 Ba7 18. Bf4 Bd7 19. b3 b5 20. Nb2 Bd4 21. Rab1 b4
22. Nd3 Bb5 23. Qd1 Nxd3 24. cxd3 e5 25. Be3 Bc3 26. Re2 Qb7 27. Rc2 Rac8 28.
Rbc1 a5 29. a4 Ba6 30. d4 Rfd8 31. d5 h6 32. Bf1 Kf8 33. Bd3 Rc7 34. Qe2 Bxd3
35. Qxd3 Rdc8 36. g4 Ra8 37. Bd2 Rac8 38. Bxc3 Rxc3 39. Rxc3 bxc3 40. Rxc3 Rb8
41. Kf1 Qb4 42. Ke2 g6 43. Kd2 Rc8 44. Kc2 Rxc3+ 45. Qxc3 Qxe4+ 46. Qd3 Qb4 47.
f3 Qc5+ 48. Kd2 Qf2+ 49. Qe2 Qd4+ 50. Qd3 Qf2+ 51. Qe2 Qd4+ 52. Qd3 Qb2+ 53. Qc2
Qd4+ 54. Qd3 Qf2+ 55. Qe2 Qd4+ 56. Qd3 1/2-1/2

[Event "Druzynowe Mistrzostw Polski Juniorow - II Liga"]
[Site "Wroclaw"]
[Date "1899-12-30"]
[Round "10.12"]
[White "Sliwicka, Weronika"]
[Black "Miklosz, Malgorzata"]
[Result "1-0"]
[WhiteTitle "I"]
[BlackTitle "I"]
[WhiteElo "1281"]
[BlackElo "1255"]

1. e4 c5 2. Nf3 e6 3. d4 cxd4 4. Nxd4 Nc6 5. Nc3 Qc7 6. Nb3 Nf6 7. Bd3 Be7 8. O-O
O-O 9. f4 d6 10. Qf3 Nd7 11. Bd2 a6 12. Rae1 b5 13. a3 Bb7 14. Qg3 Qd8 15. Qh3
h6 16. Re3 Kh8 17. Rg3 f5 18. exf5 exf5 19. Bxf5 Nc5 20. Nd5 Bh4 21. Bc3 Ne5 22.
Nxc5 dxc5 23. Bxe5 Rf7 24. Rg6 Bxd5 25. Rxh6+ Kg8 26. Rxh4 Qxh4 27. Qxh4 Rxf5
28. Rd1 Be6 29. Rd8+ Rxd8 30. Qxd8+ Rf8 31. Qe7 Bf7 32. Qg5 Bg6 33. Qxg6 Rf7 34.
Qxa6 b4 35. Qc8+ Kh7 36. Qxc5 1-0

[Event "Druzynowe Mistrzostw Polski Juniorow - II Liga"]
[Site "Wroclaw"]
[Date "1899-12-30"]
[Round "10.13"]
[White "Czernecki, Andrzej"]
[Black "Paprocki, Antoni"]
[Result "0-1"]
[WhiteTitle "I"]
[BlackTitle "I++"]
[WhiteElo "1876"]
[BlackElo "1981"]

1. e4 c6 2. Nf3 d5 3. Nc3 Bg4 4. h3 Bxf3 5. Qxf3 e6 6. Be2 Nf6 7. O-O Bc5 8. Rd1
Bd4 9. Qf4 Bxc3 10. bxc3 Nxe4 11. Ba3 Nd7 12. Bd3 Nec5 13. Bf1 e5 14. Qg3 O-O
15. Bxc5 Nxc5 16. Qxe5 Re8 17. Qf4 Re4 18. Qg3 Qe7 19. d4 Na4 20. Kh2 h5 21. Bd3
h4 22. Qf3 Qd6+ 23. Kg1 Rf4 24. Qh5 g6 25. Qg5 Nxc3 26. Re1 Ne4 27. Bxe4 dxe4
28. Rab1 b6 29. c4 Kg7 30. c5 Qc7 31. d5 Rf5 32. d6 Rxg5 33. dxc7 Rxc5 34. Rxe4
Rc8 35. Re7 Kf6 36. Rbe1 Rd5 37. g4 hxg3 38. fxg3 c5 39. g4 g5 40. h4 gxh4 41.
Kg2 Rd3 42. g5+ Kg6 43. Rf1 c4 44. Rf6+ Kh5 45. Rc6 c3 46. Rxf7 Kxg5 47. Rcf6
Rd5 48. Rc6 Rc5 49. Rxc5+ bxc5 50. Kf3 c2 51. Rg7+ Kf5 52. Rg1 Rxc7 53. Rc1 c4
54. Ke3 h3 55. Kd2 h2 56. Rh1 Rh7 57. Kxc2 Ke5 0-1

[Event "Druzynowe Mistrzostw Polski Juniorow - II Liga"]
[Site "Wroclaw"]
[Date "1899-12-30"]
[Round "10.14"]
[White "Herka, Jakub"]
[Black "Malek, Szymon"]
[Result "0-1"]
[WhiteTitle "I"]
[BlackTitle "II+"]
[WhiteElo "1433"]
[BlackElo "1543"]

1. d4 d5 2. c4 c6 3. e3 Bf5 4. Nf3 Nf6 5. Bd3 Bg6 6. O-O Nbd7 7. b3 e6 8. Bb2 Be7
9. Qc2 Qc7 10. Nbd2 O-O 11. Bxg6 hxg6 12. e4 dxe4 13. Nxe4 Nxe4 14. Qxe4 c5 15.
Rfd1 Bf6 16. Qe2 Rad8 17. Rd2 cxd4 18. Bxd4 Bxd4 19. Rxd4 Nc5 20. Rad1 Rxd4 21.
Rxd4 Rd8 22. Rxd8+ Qxd8 23. h3 a5 24. Qe5 b6 25. Kh2 f6 26. Qd4 Qxd4 27. Nxd4
Kf7 28. Nc6 Ke8 29. Kg3 e5 30. b4 axb4 31. Nxb4 Ne4+ 32. Kh4 Nd2 33. Nd5 Nxc4
34. a4 Kd7 35. f4 exf4 36. Kg4 Ne3+ 37. Nxe3 fxe3 38. Kf3 Kc6 39. Kxe3 Kc5 40.
Ke4 Kb4 41. Kd4 Kxa4 0-1

[Event "Druzynowe Mistrzostw Polski Juniorow - II Liga"]
[Site "Wroclaw"]
[Date "1899-12-30"]
[Round "10.15"]
[White "Wandor, Adam"]
[Black "Khimichenko, Dmytro"]
[Result "1/2-1/2"]
[WhiteTitle "II"]
[BlackTitle "II+"]
[WhiteElo "1571"]
[BlackElo "1412"]

1. e4 d5 2. exd5 Qxd5 3. Nc3 Qd8 4. d3 c6 5. Nf3 Bg4 6. Be2 e6 7. O-O Nf6 8. h3
Bxf3 9. Bxf3 Bd6 10. Qe2 Nbd7 11. Ne4 Nxe4 12. Bxe4 Nf6 13. Bg5 h6 14. Bd2 Nxe4
15. Qxe4 Be7 16. Bc3 Bf6 17. Qb4 Qe7 18. Qxe7+ Kxe7 19. Bxf6+ Kxf6 20. Rae1 g6
21. Re4 Rad8 22. Rfe1 Rd7 23. f3 Rhd8 24. Kf2 Rd4 25. Ke3 Rxe4+ 26. fxe4 e5 27.
c3 c5 28. h4 h5 29. g4 hxg4 30. Rg1 Rh8 31. Rxg4 Rh5 32. d4 cxd4+ 33. cxd4 exd4+
34. Kxd4 Ke6 35. a3 a6 36. b4 b5 37. Rf4 f6 38. Rg4 Kf7 39. Rf4 Ke6 40. Rg4 1/2-1/2

[Event "Druzynowe Mistrzostw Polski Juniorow - II Liga"]
[Site "Wroclaw"]
[Date "1899-12-30"]
[Round "10.16"]
[White "Pekala, Dawid"]
[Black "Osinski, Maksymilian"]
[Result "1/2-1/2"]
[WhiteTitle "II"]
[BlackTitle "II"]
[WhiteElo "1458"]
[BlackElo "1329"]

1. e4 c5 2. Nf3 d6 3. d4 cxd4 4. Nxd4 Nf6 5. Nc3 g6 6. f3 Bg7 7. Be3 O-O 8. Qd2
Nc6 9. Bc4 Bd7 10. O-O-O Rc8 11. Nxc6 bxc6 12. g4 Qa5 13. Kb1 Rb8 14. Bb3 c5 15.
Nd5 Qxd2 16. Nxe7+ Kh8 17. Rxd2 Rfe8 18. Bf4 Bxg4 19. fxg4 Nxe4 20. Re2 Rxe7 21.
Bxd6 Nc3+ 22. bxc3 Rxb3+ 23. axb3 Rxe2 24. Bxc5 Bxc3 25. Rd1 Rxh2 26. g5 Rd2 27.
Rxd2 Bxd2 28. Bxa7 Bxg5 29. c4 h5 30. c5 Be3 31. c6 Bf4 32. Bb6 h4 33. c7 Bxc7
34. Bxc7 Kg8 35. Kc2 Kf8 36. Kd3 Ke7 37. Ke3 g5 38. b4 f5 39. Kf3 Kd7 40. Be5
Kc6 41. Bf6 Kb5 42. Bxg5 Kxb4 43. Bxh4 1/2-1/2

[Event "Druzynowe Mistrzostw Polski Juniorow - II Liga"]
[Site "Wroclaw"]
[Date "1899-12-30"]
[Round "10.17"]
[White "Egeman, Emilia"]
[Black "Pudelko, Magdalena"]
[Result "1/2-1/2"]
[WhiteTitle "I++"]
[BlackTitle "I++"]
[WhiteElo "1852"]
[BlackElo "1461"]

1. e4 c5 2. Nf3 e6 3. d4 cxd4 4. Nxd4 Nc6 5. c4 Nf6 6. Nxc6 bxc6 7. Bd3 e5 8. O-O
Be7 9. Nc3 d6 10. Kh1 O-O 11. f4 exf4 12. Bxf4 Ng4 13. b3 Bf6 14. Rc1 Be5 15.
Qe1 Bxf4 16. Rxf4 Qg5 17. Qg3 h5 18. Rcf1 h4 19. Qe1 Qe5 20. g3 hxg3 21. hxg3
Qh5+ 22. Kg2 Qh2+ 23. Kf3 Ne5+ 24. Ke3 Ng4+ 25. Kf3 Ne5+ 26. Ke3 Ng4+ 27. Kf3
Ne5+ 1/2-1/2

[Event "Druzynowe Mistrzostw Polski Juniorow - II Liga"]
[Site "Wroclaw"]
[Date "1899-12-30"]
[Round "10.18"]
[White "Walerjan, Ada"]
[Black "Kaminska, Zuzanna"]
[Result "1/2-1/2"]
[WhiteTitle "I"]
[BlackTitle "I"]
[WhiteElo "1275"]
[BlackElo "1201"]

1. e4 e5 2. Nf3 Nc6 3. d4 exd4 4. Nxd4 Bc5 5. Nb3 Bb6 6. Nc3 Nf6 7. Qe2 d6 8. Bg5
h6 9. Bh4 g5 10. Bg3 Qe7 11. Nd5 Nxd5 12. exd5 Ne5 13. O-O-O Bd7 14. Re1 f6 15.
Qh5+ Qf7 16. Qxf7+ Kxf7 17. h3 Rhe8 18. Be2 Kg7 19. f4 Ng6 20. fxg5 hxg5 21. c3
f5 22. Rhf1 f4 23. Bf2 Bxf2 24. Rxf2 Re5 25. c4 Rae8 26. Kd2 Re4 27. Ref1 Nh4
28. Nc1 c6 29. Bd3 R4e5 30. dxc6 Bxc6 31. Rg1 Be4 32. Bxe4 Rxe4 33. b3 Nf5 34.
Re2 Rxe2+ 35. Nxe2 Kf6 36. Re1 Ne3 37. Rg1 a6 38. Nc3 Kf5 39. Nd1 Nxd1 40. Rxd1
Re6 41. Rf1 Re5 42. Rf2 Re4 43. Kd3 Ke5 1/2-1/2

[Event "Druzynowe Mistrzostw Polski Juniorow - II Liga"]
[Site "Wroclaw"]
[Date "1899-12-30"]
[Round "10.19"]
[White "Jedrusik, Adam"]
[Black "Madajczak, Piotr"]
[Result "1/2-1/2"]
[WhiteTitle "I++"]
[BlackTitle "I+"]
[WhiteElo "1960"]
[BlackElo "1925"]

1. d4 f5 2. Bg5 h6 3. Bh4 g5 4. e4 Nf6 5. e5 e6 6. exf6 Qxf6 7. Bg3 f4 8. Qh5+
Qf7 9. Qxf7+ Kxf7 10. Bxf4 gxf4 11. Nf3 c5 12. d5 Bg7 13. dxe6+ dxe6 14. c3 Bd7
15. Nbd2 Bc6 16. Bd3 Rd8 17. Be4 Bd5 18. O-O-O Nc6 19. Rhe1 c4 20. Kc2 Rac8 21.
Nf1 b5 22. g3 fxg3 23. Nxg3 a6 24. Bxd5 Rxd5 25. Rxd5 exd5 26. Nf5 Bf8 27. Rd1
Rd8 28. Ne3 Ke6 29. Nd4+ Nxd4+ 30. Rxd4 Bc5 31. Rh4 Bxe3 32. fxe3 Rg8 33. Rxh6+
Ke5 34. a3 Rg2+ 35. Kb1 a5 36. Rb6 b4 37. cxb4 axb4 38. axb4 Rxh2 39. Rb8 Kd6
40. Rd8+ Kc6 41. Kc1 Re2 42. b5+ Kxb5 43. Rxd5+ Kb4 44. Re5 c3 45. bxc3+ Kxc3
46. Kd1 Rh2 47. Rd5 Kc4 48. Rd6 Kc5 49. Rd7 Rg2 50. Rd8 Rh2 51. Rd3 Kc4 52. Rd4+
Kc5 53. Rd2 Rxd2+ 54. Kxd2 Kd5 55. Kd3 Ke5 56. e4 Ke6 57. Kd4 1/2-1/2

[Event "Druzynowe Mistrzostw Polski Juniorow - II Liga"]
[Site "Wroclaw"]
[Date "1899-12-30"]
[Round "10.20"]
[White "Demski, Michal"]
[Black "Smetek, Michal"]
[Result "1-0"]
[WhiteTitle "I+"]
[BlackTitle "I+"]
[WhiteElo "1737"]
[BlackElo "1735"]

1. e4 c6 2. Nc3 d5 3. Qe2 d4 4. Nd1 e5 5. d3 c5 6. g3 Nc6 7. Bg2 Qc7 8. f4 Bd6
9. f5 Nge7 10. Nf3 Bd7 11. O-O f6 12. g4 O-O-O 13. Nf2 g6 14. Nh1 h5 15. g5 gxf5
16. gxf6 Ng8 17. exf5 Nxf6 18. Bg5 Rdf8 19. Ng3 Ne7 20. Ne4 Nxe4 21. dxe4 Be8
22. h4 Ng8 23. a4 Nf6 24. Bxf6 Rxf6 25. Ng5 Qe7 26. Kh1 Rff8 27. Bf3 Qf6 28. Rg1
Be7 29. Rg2 Rfg8 30. b3 Qd6 31. Rag1 Bf6 32. Qc4 Kb8 33. Kh2 Rg7 34. Kh3 Rhg8
35. Ne6 Rxg2 36. Rxg2 Rxg2 37. Bxg2 b6 38. Ng5 Qe7 39. Qg8 Kb7 40. Bf3 c4 41.
Qxc4 Bxg5 42. hxg5 Qxg5 43. Qd5+ Bc6 44. Qf7+ Kb8 45. Qxh5 Qe3 46. Qg4 Qh6+ 47.
Kg3 Qc1 48. f6 Qg1+ 49. Kh4 Qh2+ 50. Kg5 Qd2+ 51. Kg6 Be8+ 52. f7 Bxf7+ 53. Kxf7
Qxc2 54. Qe6 Qf2 55. Qxe5+ Kb7 56. Qd5+ Kc7 57. e5 Qf1 58. Qc6+ Kd8 59. e6 1-0

[Event "Druzynowe Mistrzostw Polski Juniorow - II Liga"]
[Site "Wroclaw"]
[Date "1899-12-30"]
[Round "10.21"]
[White "Leszczewicz, Karol"]
[Black "Grobelny, Mikolaj"]
[Result "1-0"]
[WhiteTitle "I+"]
[BlackTitle "I"]
[WhiteElo "1519"]
[BlackElo "1504"]

1. d4 d5 2. c4 c6 3. Nf3 e6 4. Nc3 Nf6 5. Bg5 Nbd7 6. e3 Be7 7. Bd3 dxc4 8. Bxc4
b5 9. Bd3 Bb7 10. O-O a6 11. Qe2 c5 12. dxc5 Nxc5 13. Rfd1 Qb6 14. a4 b4 15. a5
Qa7 16. Na4 Nb3 17. Nb6 Nxa1 18. Nxa8 Qxa8 19. Rxa1 O-O 20. Ne1 h6 21. Bh4 Nd5
22. Bxe7 Nxe7 23. Ra4 Nd5 24. Be4 Qb8 25. Bxd5 Bxd5 26. Qxa6 Rc8 27. Rxb4 Qxb4
28. Qxc8+ Kh7 29. Qc3 Qb7 30. b4 g6 31. Qc5 Qa6 32. Qc2 Qb5 33. Qb2 Bb7 34. Nf3
Ba6 35. h3 Qf1+ 36. Kh2 Be2 37. Qf6 Kg8 38. Ne5 1-0

[Event "Druzynowe Mistrzostw Polski Juniorow - II Liga"]
[Site "Wroclaw"]
[Date "1899-12-30"]
[Round "10.22"]
[White "Stogiera, Aleksander"]
[Black "Klask, Franciszek"]
[Result "1-0"]
[WhiteTitle "II"]
[BlackTitle "II"]
[WhiteElo "1092"]
[BlackElo "1186"]

1. e4 c6 2. Nf3 d5 3. exd5 cxd5 4. d4 Bg4 5. Nc3 e6 6. Be2 Nf6 7. Bf4 a6 8. O-O
Bd6 9. Bg3 O-O 10. Ne5 Bxe2 11. Qxe2 Nc6 12. Rad1 Rc8 13. Rfe1 Re8 14. Qf3 Ne7
15. Bh4 Nf5 16. Bxf6 Qxf6 17. Ng4 Qg5 18. Ne3 Nxe3 19. fxe3 b5 20. e4 b4 21. e5
Bb8 22. Na4 Rxc2 23. Re2 Rc7 24. Rf1 Ba7 25. Kh1 Bxd4 26. Rc2 Rec8 27. Qxf7+ Rxf7
28. Rxc8+ Rf8 29. Rcxf8# 1-0

[Event "Druzynowe Mistrzostw Polski Juniorow - II Liga"]
[Site "Wroclaw"]
[Date "1899-12-30"]
[Round "10.23"]
[White "Pastuszko, Katarzyna"]
[Black "Krzyzosiak, Anna"]
[Result "1/2-1/2"]
[WhiteTitle "I++"]
[BlackTitle "I++"]
[WhiteElo "1285"]
[BlackElo "1496"]

1. e4 c5 2. Nf3 Nc6 3. d4 cxd4 4. Nxd4 Nf6 5. Nc3 d6 6. Be3 e5 7. Nb3 Be7 8. Be2
Be6 9. O-O d5 10. exd5 Nxd5 11. Nxd5 Bxd5 12. f4 exf4 13. Bxf4 Qb6+ 14. Kh1 Rd8
15. Qe1 O-O 16. Qg3 Nd4 17. Nxd4 Qxd4 18. Be5 Bxg2+ 19. Kxg2 Qe4+ 20. Bf3 Qxc2+
21. Rf2 Qg6 22. Qxg6 fxg6 23. Rc1 Rf5 24. Bg3 Bc5 25. Rfc2 b6 26. a3 a5 27. Be1
Rg5+ 28. Bg3 h5 29. h4 Rf5 30. Be4 Rf6 31. b4 axb4 32. axb4 Bxb4 33. Rc8 Rxc8
34. Rxc8+ Kh7 35. Bd5 Bc5 36. Be1 Rf8 37. Rc7 Bd4 38. Bf7 Kh6 39. Bb4 Bc5 40.
Bc3 Rd8 41. Be6 Bd4 42. Bb4 Bc5 43. Bc3 Bd4 44. Bd2+ Kh7 45. Bg5 Rf8 46. Be7 Rf2+
47. Kh1 Rf1+ 48. Kg2 Rf2+ 49. Kg3 Be5+ 50. Kxf2 Bxc7 51. Bg5 Be5 52. Ke3 Bf6 53.
Ke4 Bc3 54. Kd3 Bb2 55. Kc4 Bf6 56. Kb5 Bd4 57. Kc6 Bf6 58. Kxb6 Bd4+ 59. Kc6
Bc3 60. Kd7 Bf6 61. Ke8 Bd4 62. Kf7 Bc3 63. Bc4 1/2-1/2

[Event "Druzynowe Mistrzostw Polski Juniorow - II Liga"]
[Site "Wroclaw"]
[Date "1899-12-30"]
[Round "10.24"]
[White "Rzadkowska, Kaja"]
[Black "Malicka, Magdalena"]
[Result "1-0"]
[WhiteTitle "I"]
[BlackTitle "I"]
[WhiteElo "1216"]
[BlackElo "1271"]

1. e4 e5 2. Nf3 Nc6 3. Bc4 Bc5 4. c3 Nf6 5. d4 exd4 6. e5 d5 7. Bb5 Ne4 8. cxd4
Bb4+ 9. Bd2 Nxd2 10. Bxc6+ bxc6 11. Nbxd2 Bg4 12. Qa4 Bxd2+ 13. Nxd2 Bd7 14. Qc2
O-O 15. O-O a5 16. Nb3 Qe7 17. Nc5 Rfb8 18. b3 g6 19. Rac1 Bf5 20. Qc3 Kg7 21.
Qe3 g5 22. h3 h5 23. Qf3 Bg6 24. Qf6+ Qxf6 25. exf6+ Kh7 26. Nd7 Rd8 27. Ne5 Ra6
28. f4 g4 29. f5 Bxf5 30. Rxf5 Rh8 1-0

[Event "Druzynowe Mistrzostw Polski Juniorow - II Liga"]
[Site "Wroclaw"]
[Date "1899-12-30"]
[Round "10.25"]
[White "Wnek, Filip"]
[Black "Jaskiewicz, Kacper"]
[Result "0-1"]
[WhiteTitle "I++"]
[BlackTitle "I"]
[WhiteElo "2032"]
[BlackElo "1756"]

1. e4 e5 2. Nf3 Nc6 3. Bb5 Nf6 4. O-O Nxe4 5. d4 Nd6 6. Bxc6 bxc6 7. Nxe5 Be7 8.
Bf4 O-O 9. Nd2 f6 10. Ng4 Nf7 11. c4 d5 12. c5 h5 13. Ne3 g5 14. Qxh5 gxf4 15.
Nf5 Bxf5 16. Qxf5 Qc8 17. Qg6+ Kh8 18. Rac1 Ng5 19. Rfe1 Rf7 20. Rc3 Qg4 21. Kf1
Rg8 22. Qc2 f3 23. gxf3 Qxd4 24. Ke2 Qf4 25. Kd1 Nh3 26. Kc1 d4 27. Rc4 f5 28.
Kb1 Bf6 29. Nb3 Rg1 30. Qd1 Rfg7 31. Rc1 Kh7 32. a3 Rxe1 33. Qxe1 Qxf3 34. Qe6
Qe4+ 0-1

[Event "Druzynowe Mistrzostw Polski Juniorow - II Liga"]
[Site "Wroclaw"]
[Date "1899-12-30"]
[Round "10.26"]
[White "Stepinski, Piotr"]
[Black "Rainer, Piotr"]
[Result "1-0"]
[WhiteTitle "I"]
[BlackTitle "I"]
[WhiteElo "1568"]
[BlackElo "1709"]

1. e4 c5 2. Nf3 Nc6 3. Bb5 a6 4. Bxc6 dxc6 5. O-O Qc7 6. d3 e5 7. Be3 Nf6 8. h3
h6 9. Nbd2 Be6 10. a3 Be7 11. Nh2 O-O 12. f4 exf4 13. Bxf4 Qb6 14. Kh1 Rad8 15.
b3 Nd7 16. Nc4 Qa7 17. Qe2 b5 18. Ne3 Bf6 19. Rad1 Ne5 20. Bxh6 Be7 21. Bf4 Ng6
22. Bg3 c4 23. dxc4 Bxa3 24. cxb5 cxb5 25. Nf5 Qb7 26. Ng4 Rfe8 27. Rxd8 Rxd8
28. Qe3 Qc8 29. Qe2 Bb4 30. Nfe3 Rd2 31. Qf3 a5 32. Be1 Rd4 33. Bxb4 Rxb4 34.
Rd1 a4 35. bxa4 bxa4 36. Nd5 Rb2 37. c4 Qxc4 38. Ndf6+ gxf6 39. Rd8+ Kh7 40. Nxf6+
Kg7 41. Rg8+ 1-0

[Event "Druzynowe Mistrzostw Polski Juniorow - II Liga"]
[Site "Wroclaw"]
[Date "1899-12-30"]
[Round "10.27"]
[White "Micula, Jakub"]
[Black "Gawlik, Olivier"]
[Result "1/2-1/2"]
[WhiteTitle "I"]
[BlackTitle "II+"]
[WhiteElo "1623"]
[BlackElo "1384"]

1. e4 c5 2. Nf3 e6 3. d4 cxd4 4. Nxd4 Nf6 5. Bd3 Nc6 6. Nxc6 dxc6 7. O-O e5 8.
Nd2 Bc5 9. Nb3 Bb6 10. Qf3 O-O 11. Bg5 h6 12. Bxf6 Qxf6 13. Qxf6 gxf6 14. a4 a5
15. Rad1 Be6 16. Nd2 Rad8 17. Nc4 Bxc4 18. Bxc4 Rxd1 19. Rxd1 Rd8 20. Rxd8+ Bxd8
21. Kf1 Be7 22. Be2 Kf8 23. Bg4 Ke8 24. Ke2 Bc5 25. f3 Bg1 26. h3 Bc5 27. Kd3
b6 28. Kc4 Ke7 29. c3 Bd6 30. Bc8 Kd8 31. Bb7 Kc7 32. Ba8 Kd7 33. b4 Be7 34. Bb7
Kc7 35. Ba6 Kd7 36. Kb3 Bd6 37. Bc4 Ke7 38. b5 cxb5 39. Bxb5 Bc5 40. Bc4 Be3 41.
Bd5 Bf2 42. Kc4 Bc5 43. Kd3 Bg1 44. Ke2 Bc5 45. g3 Kf8 46. f4 Kg7 47. Kf3 Bd6
48. f5 Bc5 1/2-1/2

[Event "Druzynowe Mistrzostw Polski Juniorow - II Liga"]
[Site "Wroclaw"]
[Date "1899-12-30"]
[Round "10.28"]
[White "Haladaj, Adam"]
[Black "Kozak, Karol"]
[Result "0-1"]
[WhiteTitle "II"]
[BlackTitle "I"]
[WhiteElo "1361"]
[BlackElo "1490"]

1. e4 c5 2. Nf3 d6 3. d4 cxd4 4. Nxd4 Nf6 5. Nc3 a6 6. f3 e5 7. Nb3 Be6 8. Be3
h5 9. Qd2 Nbd7 10. Nd5 Bxd5 11. exd5 Be7 12. Be2 O-O 13. Na5 Qc7 14. c4 Rfe8 15.
O-O Bf8 16. h3 g6 17. Rac1 b6 18. Nc6 Nb8 19. Nxb8 Raxb8 20. b4 Qb7 21. Rc2 Rec8
22. Rfc1 Rc7 23. Kf2 Rcc8 24. a3 Rc7 25. Rc3 Rbc8 26. Qc2 Nxd5 27. Rb3 Nxe3 28.
Rxe3 Bh6 29. Qd3 Bxe3+ 30. Kxe3 d5 31. Kf2 Rxc4 32. Rxc4 dxc4 33. Qd6 c3 34. Qd1
c2 35. Qc1 a5 36. Bd3 axb4 37. axb4 Qd5 38. Bxc2 Qc4 39. Kg3 Qxc2 40. Qe3 Qc7
41. Kh2 e4+ 42. f4 Qc6 43. Qd4 Re8 44. Qe3 Rd8 45. f5 Rd3 46. Qf4 Qd6 47. Qxd6
Rxd6 48. fxg6 fxg6 49. Kg3 Re6 50. Kf2 e3+ 51. Ke2 b5 52. h4 Kg7 53. g3 Kf6 54.
Kf1 e2+ 55. Ke1 Re8 56. Kf2 e1=Q+ 57. Kg2 Re2+ 58. Kf3 Qf2# 0-1

[Event "Druzynowe Mistrzostw Polski Juniorow - II Liga"]
[Site "Wroclaw"]
[Date "1899-12-30"]
[Round "10.29"]
[White "Gaczol, Julia"]
[Black "Banasiak, Adrianna"]
[Result "1-0"]
[WhiteTitle "I+"]
[BlackTitle "I"]
[WhiteElo "1490"]
[BlackElo "1447"]

1. e4 c5 2. Nf3 e6 3. d4 cxd4 4. Nxd4 Nf6 5. Nc3 Nc6 6. Nb3 Bb4 7. Bd3 d5 8. exd5
Nxd5 9. Bd2 Nxc3 10. bxc3 Be7 11. O-O Ne5 12. Bf4 Bf6 13. Qd2 O-O 14. Rad1 Nc6
15. Qe3 Qb6 16. Qg3 e5 17. Be3 Qc7 18. Nd2 g6 19. h4 Ne7 20. Ne4 Bg7 21. h5 Nf5
22. Qh2 Nxe3 23. fxe3 Bf5 24. hxg6 Bxg6 25. Ng5 Bxd3 26. cxd3 h6 27. Ne4 f5 28.
Ng3 f4 29. exf4 Rxf4 30. Rxf4 exf4 31. Ne4 Rf8 32. Qh3 Qf7 33. Rd2 Qe7 34. Rc2
Kh7 35. Qf3 Bf6 36. Re2 Qg7 37. Nxf6+ Rxf6 38. Re8 Rf8 39. Qe4+ Kh8 40. Rxf8+
Qxf8 41. Qd4+ Kg8 42. Qxa7 Qd6 43. Qa8+ Kg7 44. Qxb7+ Kh8 45. d4 Qa3 46. Qb8+
Kh7 47. Qb3 Qc1+ 48. Kh2 Qe3 49. Qf7+ Kh8 50. Qf6+ Kg8 51. Qg6+ Kf8 52. Qxh6+
Kf7 53. Qh5+ Kg8 54. Qf3 Qc1 55. d5 Qd2 56. a4 Qc2 57. a5 Qh7+ 58. Qh3 Qc7 59.
Qe6+ Kg7 60. Qg4+ Kf8 61. Qf5+ Kg8 62. Qg6+ Kh8 63. Qh5+ Kg8 64. Qg6+ Kh8 65.
Qf6+ Kg8 66. Qe6+ Kh8 67. d6 Qg7 68. Qe8+ Kh7 69. Qe7 f3 70. Qxg7+ Kxg7 71. gxf3
Kf6 72. c4 1-0

[Event "Druzynowe Mistrzostw Polski Juniorow - II Liga"]
[Site "Wroclaw"]
[Date "1899-12-30"]
[Round "10.30"]
[White "Kruszewska, Malgorzata"]
[Black "Nowak, Emilia"]
[Result "0-1"]
[WhiteTitle "II"]
[BlackTitle "I"]
[WhiteElo "1012"]
[BlackElo "1279"]

1. d4 d5 2. c4 e6 3. Nc3 c5 4. cxd5 exd5 5. Nf3 Nc6 6. e3 Nf6 7. Bb5 a6 8. Bd3
Bd6 9. O-O O-O 10. h3 b5 11. dxc5 Bxc5 12. a3 Bb7 13. b4 Ba7 14. Bb2 d4 15. exd4
Nxd4 16. Nxd4 Qxd4 17. Be2 Qf4 18. Bc1 Qe5 19. Bd2 Rad8 20. Qe1 Qg3 21. Bf3 Bxf3
22. Kh1 Qxg2# 0-1

[Event "Druzynowe Mistrzostw Polski Juniorow - II Liga"]
[Site "Wroclaw"]
[Date "1899-12-30"]
[Round "10.31"]
[White "Cichon, Bartlomiej"]
[Black "Zabron, Maksym"]
[Result "0-1"]
[WhiteTitle "I"]
[BlackTitle "I++"]
[WhiteElo "1938"]
[BlackElo "1947"]

1. e4 c5 2. Nf3 e6 3. d4 cxd4 4. Nxd4 Nc6 5. Nc3 Qc7 6. Be3 a6 7. Qd2 Nf6 8. O-O-O
Bb4 9. f3 Ne5 10. Nb3 b5 11. Qe1 Be7 12. f4 Ng6 13. e5 Ng4 14. Ne4 O-O 15. Bc5
Bxc5 16. Nexc5 f6 17. Be2 Nh6 18. exf6 Qxf4+ 19. Kb1 Qxf6 20. Qa5 Qe7 21. Bxb5
d6 22. Bc6 Ra7 23. Nd3 Rf5 24. Qd2 Bb7 25. Nd4 Rf7 26. Rhe1 e5 27. Bxb7 Qxb7 28.
Nb3 Ra8 29. g3 Rb8 30. a3 Qa8 31. Rf1 Rfb7 32. h4 Ne7 33. Rde1 Rb5 34. Qe2 a5
35. a4 R5b6 36. g4 Qc6 37. Qe4 Nd5 38. Nxa5 Nc3+ 39. Ka1 Qxe4 40. Rxe4 Nxe4 41.
Nc4 Ra6 42. b3 Nxg4 43. Rg1 Ngf6 44. Re1 Nc3 0-1

[Event "Druzynowe Mistrzostw Polski Juniorow - II Liga"]
[Site "Wroclaw"]
[Date "1899-12-30"]
[Round "10.32"]
[White "Pisarek, Jan"]
[Black "Nowakowski, Maksymilian"]
[Result "1-0"]
[WhiteTitle "I"]
[BlackTitle "II+"]
[WhiteElo "1832"]
[BlackElo "1363"]

1. e4 e6 2. d4 d5 3. exd5 exd5 4. Nf3 Bd6 5. c4 c6 6. Nc3 Ne7 7. c5 Bc7 8. Bd3
Bf5 9. O-O O-O 10. Re1 Nd7 11. Rxe7 Bxd3 12. Rxd7 Qxd7 13. Qxd3 Rfe8 14. Bd2 f6
15. b4 a6 16. a4 Ra7 17. Rb1 Rea8 18. g3 Qf7 19. Nh4 Qh5 20. Kg2 Re8 21. h3 Kf7
22. Nf5 Qg6 23. Qf3 Rd8 24. Re1 Rd7 25. Nh4 Qc2 26. Qh5+ 1-0

[Event "Druzynowe Mistrzostw Polski Juniorow - II Liga"]
[Site "Wroclaw"]
[Date "1899-12-30"]
[Round "10.33"]
[White "Pawlowski, Kamil"]
[Black "Stanik, Szymon"]
[Result "1-0"]
[WhiteTitle "II"]
[BlackTitle "II"]
[WhiteElo "1257"]
[BlackElo "1249"]

1. e4 c5 2. Nf3 e6 3. b3 b6 4. Bb2 Bb7 5. d3 Nc6 6. Be2 d6 7. O-O Nf6 8. Nbd2 Be7
9. c3 O-O 10. Rc1 Rc8 11. Re1 Qc7 12. d4 Rfd8 13. Bd3 Qb8 14. Nf1 cxd4 15. cxd4
Nb4 16. Bb1 Rxc1 17. Qxc1 Rc8 18. Qd2 d5 19. e5 Ne4 20. Qd1 Nc3 21. Bxc3 Rxc3
22. Re3 Rc7 23. a3 Nc6 24. b4 Qc8 25. Qc2 g6 26. Rc3 a6 27. Ne3 Qd8 28. h3 Rc8
29. Qd2 Bf8 30. Ng4 Bg7 31. Nh6+ Bxh6 32. Qxh6 Qf8 33. Qf4 Qe7 34. Nh2 h5 35.
g4 Qh4 36. Rf3 Rc7 37. Kg2 hxg4 38. Nxg4 Kg7 39. Qe3 Qh8 40. Rf6 Ne7 41. Nh6 Qxh6
42. Rxf7+ Kxf7 43. Qxh6 Rc4 44. Qh7+ Ke8 45. Bxg6+ Kd7 46. Qf7 Rc8 47. h4 Bc6
48. f4 Rg8 49. h5 a5 50. Kf2 axb4 51. axb4 Ra8 52. h6 1-0

[Event "Druzynowe Mistrzostw Polski Juniorow - II Liga"]
[Site "Wroclaw"]
[Date "1899-12-30"]
[Round "10.34"]
[White "Hryniewicz, Maciej"]
[Black "Spytek, Hubert"]
[Result "1-0"]
[WhiteTitle "II"]
[BlackTitle "II"]
[WhiteElo "1217"]
[BlackElo "1257"]

1. e4 d5 2. exd5 Qxd5 3. Nc3 Qd6 4. d4 Nf6 5. Nb5 Qd8 6. c4 a6 7. Nc3 e6 8. Nf3
Be7 9. Bd3 Nc6 10. Be3 Bd7 11. O-O Rb8 12. a3 Qc8 13. b4 Nd8 14. Qe2 b6 15. Bf4
Bc6 16. Rfe1 O-O 17. Ne5 Bb7 18. c5 b5 19. f3 Nd7 20. Rad1 Re8 21. Qf2 Nxe5 22.
dxe5 Kh8 23. Qg3 Rg8 24. Bxh7 g6 25. Bxg8 Kxg8 26. Bg5 Bxg5 27. Qxg5 Nc6 28. Ne4
Kg7 29. Qf6+ Kg8 30. Qh4 Kg7 31. Qf6+ Kg8 32. Ng5 Qf8 33. Rd7 Nd8 34. Red1 Bd5
35. Rxc7 Ra8 36. Rd7 Qe8 37. Rc7 Qf8 38. Rd4 Qh6 39. g3 Rb8 40. Rd7 Nb7 41. Qxf7+
Kh8 42. Rh4 1-0